000 00510nam a22001817a 4500
005 20240726115113.0
008 240726b |||||||| |||| 00| 0 eng d
020 _a9781416037064
082 _a621.64
_bMOO-D
100 _aMoore Keith L.
245 _aThe Developing Human /
_bClinically Oriented Embryology /
_cMoore Keith L.
250 _a8th ed.
260 _aIndia :
_bSaunders ;
_c2008
300 _a522p.
_bill;
_c27 cm.
500 _ainclude index .
650 _aMedical / Embryology
999 _c36226
_d36226